|
|
|
|
| LEADER |
00000nab a2200000 4500 |
| 001 |
vtls008694391 |
| 003 |
SK-MaSNL |
| 005 |
20260304143946.0 |
| 008 |
250505 1953 xo p 000 0 slo |
| 015 |
|
|
|a SNBRRBDKK190120XX
|
| 035 |
|
|
|a (urnnbn)urn:nbn:sk:snk:ar-006b34
|
| 035 |
|
|
|a urn:nbn:sk:snk-abbzym
|
| 035 |
|
|
|a (uuid)927311cb-7fd6-4219-b4a9-a9508387b076
|
| 040 |
|
|
|a SNKBUCL
|b slo
|c SNKBUCL
|e AACR2
|
| 041 |
0 |
|
|a slo
|
| 044 |
|
|
|a xo
|c SK
|
| 080 |
|
|
|a 028
|2 1997
|
| 080 |
|
|
|a 021.7
|2 1997
|
| 245 |
0 |
0 |
|a Príklad, ako pracovať s mladými aktivistami
|c jer
|
| 300 |
|
|
|b 1 plán
|
| 520 |
2 |
|
|a Informácia o obsahu brožúry O. Kapsu Práce knihovnických agitačních skupin informuje o akcii Kniha za čitateľom, v ktorej v obciach donášajú literatúru čitateľom domov
|
| 650 |
0 |
7 |
|a čítanie
|x propagácia
|x brožúry
|x informácie
|2 snkbudkk
|9 1465210
|
| 773 |
0 |
|
|t Čitateľ : mesačník pre prácu s čitateľmi
|g Roč. 2, č. 6 (1953), s. 320b
|
| 787 |
0 |
8 |
|i Rec.:
|a Kapsa, Oldřich
|t Práce knihovnických agitačních skupin
|d Praha : Orbis, 1953
|
| 850 |
|
|
|a Slovenská národná knižnica
|
| 852 |
|
|
|a Slovenská národná knižnica
|
| 856 |
4 |
1 |
|u http://www.viks.sk/dkk/citatel1953_320b.doc
|y plný text
|
| 910 |
|
|
|a bdkk
|a memoriask
|
| 954 |
|
|
|a odborná, vedecká literatúra pôvodná (slovenská)
|2 lita
|
| 958 |
|
|
|a article15
|
| 958 |
|
|
|a OND
|
| 958 |
|
|
|a EUIPO
|
| 999 |
|
|
|c 2928521
|d 2930451
|